Länder, in denen Neandertaler lebten - Statistiken

Allgemein
  • Dieses Quiz wurde 41 mal gespielt
  • Das Durchschnittsergebnis liegt bei 21 aus 26
Antwortstatistiken
Länder % Korrekt
Deutschland
97%
Frankreich
97%
Italien
97%
Belgien
95%
Niederlande
95%
Polen
95%
Portugal
95%
Russland
95%
Slowakei
92%
Spanien
92%
Tschechien
89%
Ukraine
89%
Ungarn
89%
Slowenien
86%
Türkei
86%
Rumänien
81%
Serbien
81%
Vereinigtes Königreich
81%
Kroatien
78%
Irak
68%
Iran
68%
Israel
65%
Syrien
65%
Libanon
51%
Aserbaidschan
30%
Usbekistan
24%
Keine übereinstimmenden Quizze gefunden
Verteilung der Resultate
Anzahl Personen mit jedem Resultat
Perzentil nach korrekt beantworteten Fragen
Ihre Resultats-Entwicklung
Sie haben dieses Quiz noch nicht gespielt